Statistics for Manchester United 1999 Champions League Final Side

Click here to take the quiz!

General Stats

  • This quiz has been taken 705 times
  • The average score is 12 of 18

Answer Stats

HintAnswer% Correct
RM (Wales)Giggs
96%
RB (England)Neville
91%
ST (Trinidad & Tobago)Yorke
90%
GK (Denmark)Schmeichel
89%
ST (England)Cole
88%
CM (England)Beckham
85%
CB (Holland)Stam
85%
LB (Ireland)Irwin
82%
SUB ST (England)Sheringham
80%
SUB ST (Norway)Solskjaer
79%
CM (England)Butt
74%
CB (Norway)Johnsen
53%
LM (Sweden)Blomqvist
51%
SUB DF (England)Brown
47%
SUB DF (England)May
42%
SUB GK (Holland)Van Der Gouw
42%
SUB MF (England)Greening
26%
SUB DF (England)P. Neville
8%

Score Distribution

Percentile by Number Answered

Percent of People with Each Score

Your Score History

You have not taken this quiz